02187nam a2200469 a 450000500170000000800410001702000180005804100080007610000370008424500690012125000110019026000460020130000220024750001030026965300540037265300570042665300760048365300520055965300560061165300240066765300340069165300350072565300710076065300190083165300640085065300440091465300480095865300440100665300620105065300690111265300860118165300900126765300420135765300130139965300700141265300310148265300290151365300420154265300760158465300170166065300400167720240423112722.0100311s2012||||ag d f |||| 001 0 spa d a9789876490467 aspa1 aSuárez Richards, ManueleComp. aIntroducción a la Psiquiatría / cManuel Suárez Richards. a4a ed. aBuenos Aires: bEditorial Polemos;c2012. a824 p.c24x17 cm. aSuárez Richards, M. (2012). Introducción a la Psiquiatría. (4a ed.). Buenos Aires : Polemos. aEntrevista psiquiátrica y la historia clínica aAspectos culturales del diagnóstico psiquiátrico aRol de la medición en la evaluación y el tratamiento psiquiátrico aPsiquiatría en la práctica médica general aClaves de bioética en psiquitría y salud mental aDesarrollo infantil aNosografías psiquiátricas aSintomas, signos y síndromes aProblemas de salud derivados del uso de alcohol y otras sustancias aEsquizofrenias aPsicosis agudas y crónicas diferentes de la esquizofrenia aTrastornos de la ansiedad y adaptativos aTrastornos del humor. Trastornos depresivos aTrastornos del humor. Trastorno bipolar aClínica, prevención y tratamiento del proceso suicida aTrastornos psiquiátricos durante la infancia y la adolescencia aTrastorno del desarrollo intelectual. Problemas de conducta y trastornos mentales aTrastornos somatomorfos. Trastornos disociativos. Síndromes somáticos funcionales aSexología. Ante un enfoque integral aDelirium aTrastornos cognitivos. Trastornos psiquiátricos de la epilepsia aTrastornos de personalidad aSueño y sus trastornos aTrastornos de la conducta alimentaria aTratamientos psicofarmacológicos y otras terapias de base biológica aPsicoterapia aPsiquiatría y el sistema judicial